000 02084cam a22004334a 4500
999 _c50432
_d50432
001 15211824
005 20200219165756.0
008 080307s2009 paua b 001 0 eng
010 _a 2008010944
016 7 _a101468079
_2DNLM
020 _a9780323053853
020 _a0323053858
035 _a(OCoLC)213375875
040 _aDNLM/DLC
_cDLC
_dNLM
_dBTCTA
_dC#P
_dYDXCP
_dCDX
_dDLC
041 _aeng
042 _apcc
050 0 0 _aQM601
_b.C29 2009
060 1 0 _aWQ 210.5
_bC284h 2009
080 _a612.6 C-22
082 0 0 _a612.6/4
_222
100 1 _aCarlson, Bruce M.
_97176
245 1 0 _aHuman embryology and developmental biology /
_cBruce M. Carlson.
250 _a4th ed.
260 _aPhiladelphia, PA :
_bMosby/Elsevier,
_cc2009.
300 _axvi, 541 p. :
_bill. (chiefly col.) ;
_c28 cm.
504 _aIncludes bibliographical references and index.
505 0 _aGetting ready for pregnancy -- Transport of gametes and fertilization -- Cleavage and implantation -- Molecular basis for embryonic development -- Formation of germ layers and early derivatives -- Establishment of the basic embryonic body plan -- Placenta and extraembryonic membranes -- Developmental disorders: causes, mechanisms, and patterns -- Integumentary, skeletal, and muscular systems -- Limb development -- Nervous system -- Neural crest -- Sense organs -- Head and neck -- Digestive and respiratory systems and body cavities -- Urogenital system -- Cardiovascular system -- Fetal period and birth.
650 0 _aEmbryology, Human.
_97177
650 0 _aDevelopmental biology.
_97178
650 0 _aHuman growth.
_97179
650 1 2 _aEmbryonic Development
_xphysiology.
_97180
650 1 2 _aFetal Development
_xphysiology.
_97181
653 _aემბრიოლოგია
653 _aბიოლოგია
856 4 1 _3Table of contents only
_uhttp://www.loc.gov/catdir/toc/fy0903/2008010944.html
906 _a7
_bcbc
_corignew
_d1
_eecip
_f20
_gy-gencatlg
942 _2udc
_cBK
955 _aaa27 2008-03-11
_axe11 2008-11-21 1 copy rec'd., to CIP ver.
_axh00 2008-11-25